| 000 | 01569nam0a22003731 4500 | ||
|---|---|---|---|
| 001 | rc\2770832 | ||
| 005 | 20250810044124.0 | ||
| 035 | _a(NLR Aleph) 006897211 | ||
| 090 |
_a7209493 _c7209493 |
||
| 100 | _a20110915d1941 u y0rusy50 ca | ||
| 101 | 0 | _arus | |
| 102 | _aRU | ||
| 105 | _aa z ||||| | ||
| 135 | _acrbn 008apadp | ||
| 200 | 1 |
_aПервая помощь в несчастных случаях и при внезапных заболеваниях _fПроф. Е. А. Бок |
|
| 210 |
_aЛенинград _cИзд-во Ленингр. дома сан. культуры _d1941 |
||
| 215 |
_a61, [3] с. _cил. _d12 см. |
||
| 300 | _aЗагл. обл.: Первая помощь | ||
| 325 | _aКопия доступна в Электрон. б-ке РНБ | ||
| 512 | 0 | _aПервая помощь | |
| 700 | 1 |
_aБок _bЕ.А. _f1896- _gЕвгений Александрович |
|
| 801 | 0 |
_aRU _bNLR _gpsbo |
|
| 801 | 1 |
_aRU _bELAR _2rusmarc |
|
| 852 |
_aNLR _jМд40 Г-0/4 |
||
| 856 | 0 | _uhttp://vivaldi.nlr.ru/ab000002232/view | |
| 856 | 1 | _uhttp://vivaldi.nlr.ru/ab000002232/cover | |
| 856 | 2 | _uhttp://vivaldi.nlr.ru/ab000002232/text | |
| 901 | _eКнижные издания | ||
| 942 | _cBOOK | ||
| 945 | _aРоссийская национальная библиотека | ||
| 980 | _aNB | ||
| 980 | _aBV | ||
| 981 | 3 | 7 |
_a(37) Ленинград в Великой Отечественной войне _b(37) Книги блокадного Ленинграда |
| 981 | 3 | 4 | _a(34) Санкт-Петербург |